000
00301nam a2200109Ia 4500
008
200302s9999 xx 000 0 und d
100
_a
Dr. Ranjana Mital and Others
245
_a
The tirtha at mukteswar understanding its architecture
260
_b
Copal Publishing Group
260
_c
2015
300
_a
73
999
_c
6552
_d
6552